Unidade 6.3/6.4/6.5 - Statistics

Estatísticas Gerais
  • Esse quiz foi jogado 8 vezes
    6 desde o último reset
  • A pontuação média é 15 de 79
Estatísticas das Respostas
Hint Resposta % Correto
Vel. Máx. 16 nós MCP/30 nós TG
100%
Autonomia 20 dias
100%
Autonomia 20 dias
100%
Autonomia 20 dias na VEC
100%
Autonomia 30 dias
100%
Vel. Máx. 30 nós
100%
Conta com ___ estações de transferência Três
100%
Autonomia 26 dias
67%
Raio de ação 10000 milhas a 12 nós
33%
Tripulação 128 militares (13 oficiais)
33%
Vel. Máx 13 nós
33%
Tripulação 150 militares (18 oficiais)
33%
Capacidade Máxima 1600 militares
33%
Acomodações 162 militares (18 oficiais)
33%
Vel. Máx. 17 nós
33%
Vel. máx. 17 nós
33%
Acomodações 263 militares (34 oficiais)
33%
Propulsão 2 MCP a diesel
33%
Propulsão 2 MCP e 2 eixos
33%
Propulsão 2 MCP e um eixo
33%
Sensores 2 radares de navegação
33%
Sensores 2 radares de navegação
33%
Deslocamento 3350 toneladas
33%
Acomodações 444 militares (49 oficiais)
33%
Deslocamento 5900 toneladas
33%
Autonomia 70 dias sem tropa / 25 dias com tropa
33%
Raio de ação 7700 milhas a 11 nós
33%
Deslocamento 9400 toneladas
33%
Significado de CODOG Combined Diesel or Gas
33%
Possui uma ______ que permite a saída de lanchas Doca alagável
33%
Modernização da Classe (Cite 1) Tratamento magnético do casco / troca dos motores diesel / instalação de caldeiras auxiliares / revisão nas turbinas e implantação de um sistema digital de monitoramento e controle da propulsão / instalação de um sistema por osmose reversa
33%
Vel. máx. 10,7 nós (motor) e 17,5 nós (vela)
0%
Tripulação 123militares (16 oficiais)
0%
Acomodações 142militares (23 oficiais)
0%
Raio de ação 19000 km a 15 nós
0%
Propulsão 1 motor a diesel e a vela
0%
Deslocamento 2000 toneladas
0%
Tripulação 209 militares (22 oficiais)
0%
Tripulação 229 militares (28 oficiais)
0%
Deslocamento 2350 toneladas
0%
Tripulação 246militares (21 oficiais)
0%
Vel. Máx. 27 nós
0%
Acomodações 280militares (32 oficiais)
0%
Raio de ação 2880 milhas
0%
Armamento 2 reparos singelos de 40 mm
0%
Acomodações 31 militares (28 GM + 3 oficiais)
0%
Deslocamento 3200 toneladas
0%
Autonomia 37 dias na VEC
0%
Deslocamento 3900 toneladas
0%
Raio de ação 4109 milhas a 10 nós
0%
Acomodações 449 militares (204 GM + 31 oficiais)
0%
Propulsão 4 TG, 2 eixos, HPC
0%
Tripulação 51 militares (10 oficiais)
0%
Raio de ação 5790 milhas a 12 nós
0%
Raio de ação 7000 milhas a 15 nós
0%
Raio de ação 7850 milhas a 10 nós
0%
Deslocamento 905 toneladas
0%
ACOSub Autoridade Controladora de Submarinos
0%
Propulsão CODOG, 2 MCP, 1 TG
0%
Propulsão CODOG, 4 MCP, 2 TG, 2 eixos, HPC
0%
Mudanças da Inhaúma para a Barroso Diminuição das assinaturas infravermelha, radar e acústica / maior velocidade no modo diesel / adoção do SICONTA / aumento do espaço inteiro / aumento do hangar / aumento da estabilidade do navio / melhoria significativa na capacidade marinheira da corveta com aumento de sua borda livre
0%
Aeronave Duas AH11
0%
Necessitam ir a cota periscópica para...(somente os de propulsão diesel-elétrica) Esnorquear
0%
Construídas no AMRJ Fragata Independencia e Fragata União
0%
Possuem _____ para a mudança de cota Leme horizontal
0%
Pode ser utilizado secundariamente como... Navio de Comando ou Transporte de Tropa
0%
Sensores Radar furuno
0%
Tem como missão... Representar o Brasil
0%
Aeronave Orgânica SAH-11A SUPERLINX
0%
Aeronave SAH-11A SUPERLINX
0%
Aeronave SAH-11A SUPERLINX
0%
Armamento(CIte 1) Sistema de Processamento de Dados Navais (SPDN) / Dois reparos singelos de 20 mm / Dois lançadores duplos de MSS EXOCET MM-38 / Dois lançadores sêxtuplos de MSA SEAWOLF / Dois reparos triplos de torpedos A-S / Dois lançadores sêxtuplos de CHAFF (SEAGNAT) / Torpedos Mk 46 e MAS SEASKUA para os He orgânicos / Canhões de 40 mm retirados das Fragatas classe Niterói.
0%
Sensores SONAR de Casco DSQS-21-C / RADAR de Busca Combinada AWS-4 / RADAR de Navegação 1006 / RADAR de Direção de Tiro RTN 10XF-A
0%
Sensores(Cite 1) SONAR de casco: EDO - 997 F / RADAR de busca combinada: RAN - 20S / RADAR de busca de superfície TERMA SCANTER / RADAR de navegação: FURUNO MK-1942 / RADARES de direção de tiro: RTN-30X AV-AR
0%
Sensores(CIte 1 ) SONAR de casco / SONAR de curto alcance / RADAR de busca aérea / RADAR de busca combinada / RADAR de navegação / RADAR de direção de tiro
0%
Armamento(CIte 1) SPDN – SICONTA MK II / Uma torreta singela de 4,5” / Dois reparos singelos de 40 mm / Dois lançadores duplos de EXOCET MM-40 / Quatro lançadores SLDM (CHAFF) / Um lançador óctuplo de MSA ASPIDE / Dois reparos triplos de torpedo A/S MK 46 / Um lançador duplo de foguete A/S – BOROC / MAS SEASKUA e torpedo Mk 46 para He / Duas metralhadoras .50 (somente nas F43, F44 e F45)
0%
MODFRAG(Cite 1) Substituição do COC pelo SICONTA MK II / Sistema de comunicação digital (DICS) / Substituição de todos os radares do navio / Substituição de toda a suíte de GE ativa e passiva, por uma nova de fabricação nacional e MAGE / Modernização do Sonar EDO 610, feita pela MB / Substituição dos mísseis Sea-Cat (MSA) pelo Sistema AAW Albatroz Aspide 2000 italiano / Substituição dos canhões AAW de 40mm pelo Modelo Trinity MK III / Instalação de lançadores chaff / Troca dos mísseis anti-navio Exocet MM-38, pelo Exocet MM-40
0%
Armamento Torpedo MK48 / Minas
0%
Armamento Uma torreta singela de 4,5” / Dois reparos singelos de 40 mm / Dois lançadores duplos de MSS EXOCET MM-40 / Dois lançadores sêxtuplos de foguetes CHAFF SHIELD / Dois reparos triplos de torpedo A-S / MAS SEASKUA e torpedos A/S para helicóptero
0%
Nenhum quiz correspondente encontrado
Distribuição das Pontuações
Porcentagem de Pessoas com Cada Pontuação
Percentil de Números Respondidos
Sua Pontuação Histórica
Você não jogou esse quiz desde o último reset